| 000 | 00390nam a2200145Ia 4500 | ||
|---|---|---|---|
| 008 | 220326s9999||||xx |||||||||||||| ||und|| | ||
| 020 | _a978-979-8433-79-5 | ||
| 084 | _a10352 PAS Gov Bo.1 | ||
| 100 | _aHarbani Pasolong | ||
| 245 | 0 | _aKepemimpinan Birokrasi | |
| 260 |
_aBandung _bAlfabeta |
||
| 300 | _a234 halaman | ||
| 650 |
_aGovernment (Pemerintahan) _eG-O-V _yBirokrasi |
||
| 942 | _cBK | ||
| 999 |
_c13137 _d13137 |
||